01951nam a2200265Ia 4500001000600000003000900006008004100015040001300056040001300069041001300082100001100095100002900106245006100135245006100196250001100257260001200268260001400280260004900294300005800343500116600401650003901567650003101606700001901637700002901656A0852IT-RoPAU130308s9999 xx 000 0 und d aIT-RoPAU cIT-RoPAU aITALIANO aAA.VV. gCodice Aut. SPICS: 12000 aManuale di reti di telecomunicazioni e trasmissioni dati bManuale di reti di Telecomunicazioni e Trasmissioni Dati a2a ed. aBOLOGNA bCalderini c1991 [1° Ed.:1990 - Ed.Ling.Originale:1990] a"2108 p. (prefazione: 12; testo: 2096 [pagine: 0-0])" aTeorie di Base delle comunicazioni Elettriche. informazioni e Loro Invio Adistanza. Principi di Trasmissione. Teoria dell'Informazione. Trasmissionenumerica. Teoria della Modulazione. mezzi Trasmissivi. Tecnica nelle reti di Telecomunicazioni. Tecnica dei ponti Radio Terrestri. Tecnica Pcm. Nuovetecniche Numeriche di Telecomunicazione. Multiplazione Numerica. sistemi Numerici di Linea in Cavo. Tecniche Analogiche di Trasmissione. Struttura della Rete telefonica Pubblica in Cavo. norme vigenti di manutenzione e sicurezza di una Rete di Telecomunicazioni. Principi e strutture della Commutazione. Architettura e funzionamento degli Autocommutatori per Rete Pubblica. impianti telefonici Interni. Centralini privati Pabx. Tecnica della Trasmissione Dati. Apparati Utilizzati nelle reti per la Trasmissione dei Dati. reti Specializzate per la Trasmissione dei Dati: reti Pubbliche e reti Private. Nuovi Servizi di Telematica. Qualità€ della Rete numerica Integrata. Bibliografia. Testi Di: Giorgio Angelini, Ermanno Garagnani, Alberto Manni, Giorgio Mescoli, Oddone Rabeggiani e Giovanni Setti. Disegni Di: Mauro Marchesini, Luca Ferrari e Ermanno Garagnani. aENCICLOPEDIE DELLA MULTIMEDIALITA' eCodice materia Spics: 4251 aSetti Giovanni gCodice Aut. SPICS: 34721